| 000 | 01101nam a2200277 i 4500 | ||
|---|---|---|---|
| 001 | 180090 | ||
| 003 | ES-MaACL | ||
| 005 | 20230928114442.0 | ||
| 008 | 120416s1998 sp aceo |||| |dspa d | ||
| 020 | _a84-95192-08-X | ||
| 080 | _a94(460.283Fuentelespino) | ||
| 100 | 1 |
_aBenedicto Sacristán, José. _9149777 |
|
| 245 | 1 | 0 |
_aFuentelespino de Moya _b: cosas y gentes de un pueblo doblemente centenario / _cpor José Benedicto Sacristán y José Vicente Pérez de la Sierra. |
| 260 |
_aCuenca : _bDiputación Provincial de Cuenca, Departamento de Cultura, _c[1998] |
||
| 300 |
_a323 p. : _bil. col. y n., fot., planos ; _c26 cm. |
||
| 490 | 1 |
_aHistoria ; _v25 |
|
| 504 | _aBibliografía: p. 322-323. | ||
| 651 | 7 |
_aFuentelespino de Moya. _9149778 |
|
| 651 | 4 |
_aCuenca (Provincia)- _xDescripción. _9137110 |
|
| 700 | 1 |
_aPérez de la Sierra, José Vicente. _9149779 |
|
| 710 | 1 |
_aCuenca (Provincia). _bDiputación Provincial. _93346 |
|
| 830 | 0 |
_aHistoria ; _v25 _9177536 |
|
| 852 |
_aES-MaACL _9 187000 _bR.146822 _jA-12046 _dOlim: N-5051 _cDEPO1 |
||
| 942 | _2udc | ||
| 999 |
_c180090 _d180090 |
||